[Event "Seville op 47th"]
[Site "Seville"]
[Date "2022.07.20"]
[Round "6"]
[White "Infantes Gonzalez, David"]
[Black "Buscara, Sevan"]
[Result "0-1"]
[WhiteElo "2072"]
[BlackElo "2404"]
[PlyCount "114"]
[EventDate "2022.07.16"]
[EventType "swiss"]
[EventRounds "9"]
[EventCountry "ESP"]
[SourceTitle "CBM 209 Extra"]
[Source "ChessBase"]
[SourceDate "2022.09.30"]
[SourceVersion "1"]
[SourceVersionDate "2022.09.30"]
[SourceQuality "1"]

1. d4 d5 2. c4 e6 3. cxd5 exd5 4. Nc3 c6 5. Bf4 Bf5 6. e3 Qb6 7. Qb3 Nf6 8. Nf3 Na6 9. Qxb6 axb6 10. Bxa6 Rxa6 11. a3 Be7 12. Bg5 0-0 13. 0-0 h6 14. Bxf6 Bxf6 15. Rac1 b5 16. Nd2 Be7 17. Nb3 b4 18. axb4 Bxb4 19. Ra1 Rfa8 20. Rxa6 Rxa6 21. Ra1 Rb6 22. Na4 Rb5 23. Rc1 Bf8 24. Rc3 Rb4 25. Nac5 b6 26. Nd3 Bxd3 27. Rxd3 c5 28. dxc5 bxc5 29. Rc3 c4 30. Nd4 Rxb2 31. Kf1 Bc5 32. Nc6 Rb6 33. Ne5 Rb1+ 34. Ke2 Rb2+ 35. Kf1 f6 36. Ng6 Bd6 37. e4 Rb1+ 38. Ke2 Bb4 39. Rc2 Re1+ 40. Kf3 Rxe4 41. Nf4 Re5 42. h4 h5 43. g4 hxg4+ 44. Kxg4 Kf7 45. Ra2 Be7 46. Rd2 c3 47. Rc2 d4 48. Kf3 f5 49. h5 Re4 50. Nd5 Ba3 51. Nxc3 dxc3 52. Rxc3 Bd6 53. Rc6 Ke6 54. Ra6 Rf4+ 55. Ke2 Rh4 56. Ra7 Be7 57. Ra6+ Ke5 0-1

[Event "Andalusia-ch U18"]
[Site "Salobrena"]
[Date "2022.07.02"]
[Round "5"]
[White "Infantes Gonzalez, David"]
[Black "Cesar Maestre, Bernardo"]
[Result "0-1"]
[WhiteElo "2078"]
[BlackElo "2356"]
[PlyCount "98"]
[EventDate "2022.06.30"]
[EventType "swiss"]
[EventRounds "6"]
[EventCountry "ESP"]
[SourceTitle "EXT 2023"]
[Source "ChessBase"]
[SourceDate "2022.10.05"]
[SourceVersion "1"]
[SourceVersionDate "2022.10.05"]
[SourceQuality "1"]

1. e4 c5 2. Nf3 d6 3. Bb5+ Nd7 4. 0-0 a6 5. Bd3 Ngf6 6. Re1 e6 7. c3 b5 8. a4 Bb7 9. Bc2 c4 10. d4 cxd3 11. Qxd3 Nc5 12. Qe2 bxa4 13. Nbd2 Be7 14. Bxa4+ Nxa4 15. Rxa4 0-0 16. Nd4 Nd7 17. Ra1 Qc7 18. Nf1 Bf6 19. f3 d5 20. exd5 Bxd5 21. Be3 Bc4 22. Qf2 Rfb8 23. Ng3 Nc5 24. Reb1 Bd3 25. Rd1 Bg6 26. b4 Nd3 27. Qd2 Rc8 28. Ra3 Ne5 29. Bf4 Qb6 30. Bxe5 Bxe5 31. f4 Bf6 32. Kh1 h5 33. f5 exf5 34. Ngxf5 Rd8 35. Ra5 Rac8 36. h3 Qc7 37. Rc5 Qd7 38. Rxc8 Qxc8 39. g4 hxg4 40. hxg4 Bxf5 41. gxf5 Bxd4 42. cxd4 Qxf5 43. Qd3 Qh5+ 44. Kg1 Rd6 45. Rf1 Qg4+ 46. Kf2 Rxd4 47. Qc3 Rf4+ 48. Ke1 Re4+ 49. Kf2 Re2# 0-1

[Event "Seville op 46th"]
[Site "Seville"]
[Date "2021.07.01"]
[Round "2"]
[White "Infantes Gonzalez, David"]
[Black "Grigoryan, Karen H"]
[Result "0-1"]
[WhiteElo "1961"]
[BlackElo "2647"]
[PlyCount "76"]
[EventDate "2021.06.30"]
[EventType "swiss"]
[EventRounds "7"]
[EventCountry "ESP"]
[SourceTitle "CBM 203 Extra"]
[Source "ChessBase"]
[SourceDate "2021.09.30"]
[SourceVersion "1"]
[SourceVersionDate "2021.09.30"]
[SourceQuality "1"]

1. e4 c5 2. Nf3 Nc6 3. d4 cxd4 4. Nxd4 Nf6 5. Nc3 d6 6. Bb5 Bd7 7. Bg5 e6 8. Bxc6 bxc6 9. e5 dxe5 10. Nf3 Qc7 11. Qe2 Bd6 12. Nd2 Nd5 13. Nce4 Bf8 14. c4 h6 15. cxd5 hxg5 16. dxe6 Bxe6 17. Nxg5 Bd5 18. f4 Be7 19. Ngf3 exf4 20. 0-0-0 0-0 21. Ne4 Rfe8 22. Qc2 Bxe4 23. Qxe4 Bf6 24. Qc4 Rab8 25. Rd2 Red8 26. Rxd8+ Qxd8 27. b3 Qa5 28. Kb1 Qa3 29. Qc2 a5 30. Nd2 a4 31. Rf1 axb3 32. Nxb3 Qd6 33. Kc1 c5 34. Qd2 Qa6 35. Rf2 c4 36. Qxf4 Qb5 37. Qg3 cxb3 38. axb3 Rc8+ 0-1

[Event "Andalucia-ch U10"]
[Site "Huelva"]
[Date "2014.04.26"]
[Round "5.4"]
[White "Infantes Gonzalez, David"]
[Black "Lorente Serrano, Rosa Adela"]
[Result "1-0"]
[WhiteElo "1373"]
[BlackElo "1202"]
[PlyCount "51"]
[EventDate "2014.04.25"]
[EventType "swiss"]
[EventRounds "9"]
[EventCountry "ESP"]
[SourceTitle "EXT 2024"]
[Source "ChessBase"]
[SourceDate "2023.10.10"]
[SourceVersion "1"]
[SourceVersionDate "2023.10.10"]
[SourceQuality "1"]

1. d4 e6 2. c4 d5 3. cxd5 exd5 4. Nc3 Nf6 5. Bf4 Bf5 6. e3 Bd6 7. Bxd6 Qxd6 8. Bd3 Bxd3 9. Qxd3 0-0 10. Nf3 Re8 11. 0-0 h6 12. Rfc1 Nbd7 13. Nb5 Qa6 14. Qf1 Rac8 15. Nxc7 Qxf1+ 16. Kxf1 Re7 17. Nb5 Rxc1+ 18. Rxc1 a6 19. Rc8+ Nf8 20. Nc3 Re6 21. Rd8 Rc6 22. Ke2 Rc4 23. Ne5 Rc7 24. Kd3 Ne4 25. Nxe4 dxe4+ 26. Kxe4 1-0

[Event "Andalucia-ch U10"]
[Site "Huelva"]
[Date "2014.04.25"]
[Round "1.7"]
[White "Infantes Gonzalez, David"]
[Black "Aranda Lopez, Jaime"]
[Result "0-1"]
[WhiteElo "1373"]
[BlackElo "1045"]
[PlyCount "53"]
[EventDate "2014.04.25"]
[EventType "swiss"]
[EventRounds "9"]
[EventCountry "ESP"]
[SourceTitle "EXT 2024"]
[Source "ChessBase"]
[SourceDate "2023.10.10"]
[SourceVersion "1"]
[SourceVersionDate "2023.10.10"]
[SourceQuality "1"]

1. d4 d5 2. c4 Nf6 3. cxd5 Nxd5 4. e4 Nf6 5. Nc3 Nc6 6. Be3 e6 7. Nf3 Bb4 8. Bd3 0-0 9. h3 Re8 10. 0-0 e5 11. d5 Ne7 12. Bg5 Ng6 13. Qc2 h6 14. Be3 Nh5 15. Ne2 Nh4 16. Nh2 Ba5 17. Bb5 Rf8 18. Bc5 Qf6 19. Qd3 Rd8 20. Qe3 Qg6 21. Ng3 Nf4 22. Be7 Nfxg2 23. Qa3 Bb6 24. Bxd8 Bxh3 25. Bxh4 Nxh4 26. Qd3 Bxf1 27. Kxf1 0-1